<?xml version="1.0" encoding="UTF-8"?>
<record
    xmlns:xsi="http://www.w3.org/2001/XMLSchema-instance"
    xsi:schemaLocation="http://www.loc.gov/MARC21/slim http://www.loc.gov/standards/marcxml/schema/MARC21slim.xsd"
    xmlns="http://www.loc.gov/MARC21/slim">

  <leader>03235nam a2200325 u 4500</leader>
  <controlfield tag="001">000009243</controlfield>
  <controlfield tag="005">20200929161529.0</controlfield>
  <controlfield tag="008">090929s2002    dr ac         000 0 spa d</controlfield>
  <datafield tag="020" ind1=" " ind2=" ">
    <subfield code="a">8466203206</subfield>
  </datafield>
  <datafield tag="040" ind1=" " ind2=" ">
    <subfield code="a">DO-SdBNP</subfield>
  </datafield>
  <datafield tag="082" ind1=" " ind2=" ">
    <subfield code="a">R636.7</subfield>
    <subfield code="b">G943c</subfield>
  </datafield>
  <datafield tag="100" ind1="1" ind2=" ">
    <subfield code="a">Whitehead, Sarah</subfield>
    <subfield code="9">23939</subfield>
  </datafield>
  <datafield tag="240" ind1="1" ind2="0">
    <subfield code="a">Dog-The Complete Guide</subfield>
    <subfield code="l">ingl&#xE9;s</subfield>
  </datafield>
  <datafield tag="245" ind1="1" ind2="0">
    <subfield code="a">Gu&#xED;a completa de perros /</subfield>
    <subfield code="c">Sarah Whitehead, Bradley Viner ; colaboradores Beverly Cuddy, Peter Neville ; traducci&#xF3;n Macarena Rojo Gonz&#xE1;lez.</subfield>
  </datafield>
  <datafield tag="246" ind1="1" ind2="4">
    <subfield code="a">Gu&#xED;a completa de perros:</subfield>
    <subfield code="b">salud e higiene, caracter&#xED;sticas y comportamiento, las razas y sus peculiaridades</subfield>
  </datafield>
  <datafield tag="260" ind1=" " ind2=" ">
    <subfield code="a">Madrid :</subfield>
    <subfield code="b">LIBSA,</subfield>
    <subfield code="c">2002.</subfield>
  </datafield>
  <datafield tag="270" ind1=" " ind2=" ">
    <subfield code="a">Editora LIBSA, C/San Rafael, 4 28/08 Alcobendas</subfield>
    <subfield code="b">Madrid</subfield>
    <subfield code="d">Espa&#xF1;a</subfield>
    <subfield code="k">34-91-657-25-80</subfield>
    <subfield code="l">34-91-657-25-83</subfield>
    <subfield code="m">libsa@libsa.es</subfield>
    <subfield code="m">www.libsa.es</subfield>
  </datafield>
  <datafield tag="300" ind1=" " ind2=" ">
    <subfield code="a">256 p. :</subfield>
    <subfield code="b">il. retrs. ;</subfield>
    <subfield code="c">31 cm.</subfield>
  </datafield>
  <datafield tag="505" ind1="0" ind2=" ">
    <subfield code="a">Introducci&#xF3;n -- El mejor amigo del hombre -- Conocerlos mejor -- Evoluci&#xF3;n y domesticaci&#xF3;n -- Anatom&#xED;a del perro -- Diferencias morfol&#xF3;gicas -- Piel y pelaje -- &#xD3;rganos internos -- La vista -- El o&#xED;do -- Olfato y gusto -- Aparato locomotor -- Instintos de caza -- Olfato e instinto de defensa -- Ciclo vital del perro -- Conducta canina -- La socializaci&#xF3;n -- Inteligencia y comunicaci&#xF3;n -- Cuidar de un perro -- &#xBF;Por qu&#xE9; un perro? -- Tener un perro -- Qu&#xE9; perro elegir -- Qu&#xE9; cachorro elegir -- Necesidades b&#xE1;sicas -- Empezar con buen pie -- Comprenda a su perro -- Necesidades afectivas -- Preparar su llegada -- Toma de contacto -- Adaptaci&#xF3;n al nuevo hogar -- Contacto f&#xED;sico -- Educaci&#xF3;n del cachorro -- Ense&#xF1;anza secundaria -- Educaci&#xF3;n del perro adulto -- Dejar claro qui&#xE9;n manda -- La disciplina -- Controlar los esf&#xED;nteres -- Espacios habitables -- Proteger casa y perro -- Viajar con perro -- Conducta problem&#xE1;tica -- Un perro feliz -- El perro sano -- Nutrici&#xF3;n y diet&#xE9;tica -- Necesidades higi&#xE9;nicas y est&#xE9;ticas -- El ajuar completo -- Importancia del juego -- Ejercicio f&#xED;sico -- La hora del paseo -- La salud de su perro -- Medicina preventiva -- Enfermedades hereditarias -- La estelirizaci&#xF3;n -- Trastornos oculares, auditivos y odontol&#xF3;gicos -- Problemas neurol&#xF3;gicos y circulatorios -- Problemas cut&#xE1;neos -- Problemas osteomusculares y articulares -- Problemas digestivos y respiratorios -- Enfermedades del aparato reproductor y urinario -- Medicina natural -- Enfermer&#xED;a y primeros auxilios -- Criar una camada -- Elegir la pareja -- La gestaci&#xF3;n -- El parto -- Los reci&#xE9;n nacidos -- El perro en acci&#xF3;n -- Razas caninas -- Perros rastreadores y de carrera -- Perros de muestra, de cobro y de aguas -- Terriers -- Perros de compa&#xF1;&#xED;a -- Perros de trabajo -- Razas toy -- Concursos caninos -- El perro y la historia -- Perros famosos... y perros de famosos -- El perro y la cultura -- Direcciones &#xFA;tiles -- Bibliograf&#xED;a recomendada</subfield>
  </datafield>
  <datafield tag="650" ind1=" " ind2="4">
    <subfield code="a">Perros</subfield>
    <subfield code="9">12517</subfield>
  </datafield>
  <datafield tag="650" ind1=" " ind2="4">
    <subfield code="a">Razas de perros</subfield>
    <subfield code="9">23940</subfield>
  </datafield>
  <datafield tag="650" ind1=" " ind2="4">
    <subfield code="a">Perros</subfield>
    <subfield code="x">Amaestramiento</subfield>
    <subfield code="9">21878</subfield>
  </datafield>
  <datafield tag="650" ind1=" " ind2="4">
    <subfield code="a">Alimentos para perros</subfield>
    <subfield code="9">23941</subfield>
  </datafield>
  <datafield tag="700" ind1="1" ind2=" ">
    <subfield code="a">Whitehead, Sarah</subfield>
    <subfield code="9">23939</subfield>
  </datafield>
  <datafield tag="700" ind1="1" ind2=" ">
    <subfield code="a">Viner, Bradley</subfield>
    <subfield code="9">23942</subfield>
  </datafield>
  <datafield tag="700" ind1="1" ind2=" ">
    <subfield code="a">Cuddy, Beverly</subfield>
    <subfield code="9">23943</subfield>
  </datafield>
  <datafield tag="700" ind1="1" ind2=" ">
    <subfield code="a">Neville, Peter</subfield>
    <subfield code="9">23944</subfield>
  </datafield>
  <datafield tag="700" ind1="1" ind2=" ">
    <subfield code="a">Rojo Gonz&#xE1;lez, Macarena,</subfield>
    <subfield code="e">tr.</subfield>
    <subfield code="9">23945</subfield>
  </datafield>
  <datafield tag="049" ind1=" " ind2=" ">
    <subfield code="a">BNGR</subfield>
  </datafield>
  <datafield tag="952" ind1=" " ind2=" ">
    <subfield code="0">0</subfield>
    <subfield code="1">0</subfield>
    <subfield code="5">4</subfield>
    <subfield code="7">0</subfield>
    <subfield code="8">PD</subfield>
    <subfield code="a">R</subfield>
    <subfield code="b">R</subfield>
    <subfield code="c">CT</subfield>
    <subfield code="d">2009-09-29</subfield>
    <subfield code="i">LF1</subfield>
    <subfield code="l">0</subfield>
    <subfield code="o">R636.7 G943c</subfield>
    <subfield code="p">9243-10</subfield>
    <subfield code="r">2020-06-25</subfield>
    <subfield code="w">2020-06-25</subfield>
    <subfield code="y">LFPD</subfield>
    <subfield code="Z">04</subfield>
  </datafield>
  <datafield tag="999" ind1=" " ind2=" ">
    <subfield code="c">9006</subfield>
    <subfield code="d">9006</subfield>
  </datafield>
</record>
